SMART (Record no. 23020)

MARC details
000 -LEADER
fixed length control field 00657nam a22001817a 4500
005 - DATE AND TIME OF LATEST TRANSACTION
control field 20090204150622.0
008 - FIXED-LENGTH DATA ELEMENTS--GENERAL INFORMATION
fixed length control field 090204t xxu||||| |||| 00| 0 eng d
022 ## - INTERNATIONAL STANDARD SERIAL NUMBER
International Standard Serial Number 0973-1598
082 ## - DEWEY DECIMAL CLASSIFICATION NUMBER
Classification number 658
245 ## - TITLE STATEMENT
Title SMART
Remainder of title journal of business management studies
260 ## - PUBLICATION, DISTRIBUTION, ETC. (IMPRINT)
Place of publication, distribution, etc Tiruchirappalli
Name of publisher, distributor, etc Scientific Management and Advanced Research Trust
300 ## - PHYSICAL DESCRIPTION
Extent v.
Dimensions 24 cm
310 ## - CURRENT PUBLICATION FREQUENCY
Current publication frequency Half-yearly
650 ## - SUBJECT ADDED ENTRY--TOPICAL TERM
Topical term or geographic name as entry element Business management
270 ## - ADDRESS
Address Airport P O, 150, Kalayanasundaram Nagar
City Tiruchirappalli
Postal code 620007
942 ## - ADDED ENTRY ELEMENTS (KOHA)
Source of classification or shelving scheme Dewey Decimal Classification
Item type Periodicals
Classification part 658
Call number suffix SMA
Serial record 1
Holdings
Withdrawn status Lost status Source of classification or shelving scheme Damaged status Not for loan Collection code Home library Current library Date acquired Total Checkouts Full call number Date last seen Price effective from Koha item type
    Dewey Decimal Classification   Not For Loan Non-fiction D.B.Act.Division D.B.Act.Division 04/02/2009   658 SMA 04/02/2009 04/02/2009 Periodicals

© Delhi Public Library
Hit Counter
free hit counter